| 000 | 00638nam a22001457a 4500 | ||
|---|---|---|---|
| 020 | _a978-1-4169-9070-3 | ||
| 082 |
_a823 _bKEE/N |
||
| 100 | _aKEENE, CAROLYN | ||
| 245 | _aNANCY DREW - SERIAL SABOTAGE | ||
| 260 |
_aNEW YORK _bALADDIN PAPERBACKS _c2010 |
||
| 300 | _a138 | ||
| 520 | _aWhen the cash box is stolen from the local carnival, all signs point to Ned as the thief. He couldn't possibly have done this—or could he? But, as with all of Nancy's cases, this goes much deeper than a few missing bucks as she uncovers a plot involving financial mismanagement and finger-pointing. | ||
| 650 |
_aDETECTIVE _zUNITED STATES |
||
| 942 | _cBK | ||
| 999 |
_c7839 _d7839 |
||